=LDR 00000nam 2200000 4500 =001 INLIS000000000012866 =005 20200207045032 =035 ##$$a 0010-061300000012866 =008 200207################g##########0#ind## =041 ##$$a Ind =082 ##$$a 002.075 =090 ##$$a 002.075, Dow b =245 1#$$a Buku-buku pengubah sejarah /$c Robat B. Dowas =260 ##$$a Yogyakarta :$b Trawangan Press,$c 2001 =300 ##$$a viii, 224 hlm. : $b ilus. ; $c 14 x 21 cm =650 #4$$a Buku pengumpulan =700 #$$a Sani, Asrul =850 ##$$a NBPNMAT =020 ##$$a 979-8681-78-9 =084 ##$$a 002.075 DOW b =100 #$$a Dowas, Robert =990 ##$$a 0001/BPAP-NTB/2016 =990 ##$$a 10401106 =990 ##$$a 00170017 =990 ##$$a 10401108 =990 ##$$a 10401106